000 00638nam a2200181Ia 4500
008 100917s9999 xx 000 0 und d
082 _b15295
100 _aराजवाडे वि. का.
245 _aमराठ्यांच्या इतिहासाची साधने
260 _b---
_c1898
300 _a409
365 _b0
520 _aइतिहास
630 _aमराठ्यांच्या इतिहासाची साधने
650 _aइतिहास
730 _aमराठ्यांच्या इतिहासाची साधने
942 _cBOOK
999 _c620689
_d620686